书目信息 |
| 题名: |
中文图书编目理论与实践
|
|
| 作者: | 朱青青 编著 | |
| 分册: | ||
| 出版信息: | 北京 知识产权出版社 2020 |
|
| 页数: | 267页 | |
| 开本: | 24cm | |
| 丛书名: | ||
| 单 册: | ||
| 中图分类: | G254.3 | |
| 科图分类: | ||
| 主题词: | 中文图书--图书编目--编目工作--研究 | |
| 电子资源: | ||
| ISBN: | 978-7-5130-7051-5 | |
| 000 | 01531nam0 2200265 450 | |
| 001 | 012024000314 | |
| 005 | 20240924225236.0 | |
| 010 | @a978-7-5130-7051-5@dCNY79.00 | |
| 100 | @a20240924d2020 em y0chiy50 ea | |
| 101 | 0 | @achi |
| 102 | @aCN@b110000 | |
| 105 | @aak az 000yy | |
| 106 | @ar | |
| 200 | 1 | @a中文图书编目理论与实践@Azhong wen tu shu bian mu li lun yu shi jian@f朱青青编著 |
| 210 | @a北京@c知识产权出版社@d2020 | |
| 215 | @a267页@c图@d24cm | |
| 300 | @a国家图书馆文津出版基金资助项目 | |
| 314 | @a朱青青,1982年生。国家图书馆副研究馆员,中文采编部中文图书书目数据组组长。长期从事中文文献编目工作,曾获国家图书馆青年岗位能手、中国图书馆学会第四届青年人才奖。编著《海峡两岸中文图书编目工作比较研究》,主编《民国时期图书总目.自然科学(基础科学)》,发表图书馆专业论文近20篇。 | |
| 320 | @a有书目(第266-267页) | |
| 330 | @a本书主要从理论及实践层面介绍了中文图书编目工作,主要内容包括以下几方面:“引言”部分介绍了文献编目的内涵、标准、原则等基本知识;“著录”部分讲解了中文图书题名、责任说明、版本等信息的著录; “标引”部分阐述了标引规则及方法,并通过几类典型文献加以解析; “名称规范”部分介绍和阐述中文名称规范工作,并分析规范数据的功能需求(FRAD)带给名称规范工作的一些启示;“编目相关问题研究”部分探讨了实践中的一些常见问题并提出了编目的应对之策。本书可供图书馆编目人员阅读参考。 | |
| 606 | 0 | @a中文图书@x图书编目@x编目工作@x研究 |
| 690 | @aG254.3@v5 | |
| 701 | 0 | @a朱青青@Azhu qing qing@f(1982-)@4编著 |
| 801 | 0 | @aCN@bAHXH@c20240924 |
| 905 | @b214141882@b214141891@b214141908@b214141917@b214141926@dG254.3@e177@f5 | |
| 中文图书编目理论与实践/朱青青编著.-北京:知识产权出版社,2020 |
| 267页:图;24cm |
| 国家图书馆文津出版基金资助项目 |
| ISBN 978-7-5130-7051-5:CNY79.00 |
| 本书主要从理论及实践层面介绍了中文图书编目工作,主要内容包括以下几方面:“引言”部分介绍了文献编目的内涵、标准、原则等基本知识;“著录”部分讲解了中文图书题名、责任说明、版本等信息的著录; “标引”部分阐述了标引规则及方法,并通过几类典型文献加以解析; “名称规范”部分介绍和阐述中文名称规范工作,并分析规范数据的功能需求(FRAD)带给名称规范工作的一些启示;“编目相关问题研究”部分探讨了实践中的一些常见问题并提出了编目的应对之策。本书可供图书馆编目人员阅读参考。 |
| ● |
| 相关链接 |
|
|
|
|
正题名:中文图书编目理论与实践
索取号:G254.3/177
 
预约/预借
| 序号 | 登录号 | 条形码 | 馆藏地/架位号 | 状态 | 备注 |
| 1 | 1414188 | 214141882 | 第一样本阅览室/ [索取号:G254.3/177] | 在馆 | |
| 2 | 1414189 | 214141891 | 第四借阅区/ [索取号:G254.3/177] | 在馆 | |
| 3 | 1414190 | 214141908 | 第四借阅区/ [索取号:G254.3/177] | 在馆 | |
| 4 | 1414191 | 214141917 | 第四借阅区/ [索取号:G254.3/177] | 在馆 | |
| 5 | 1414192 | 214141926 | 第四借阅区/ [索取号:G254.3/177] | 在馆 |